000 00673cam a2200181 4500
001 WB3536-24
008 000000n1999 000 0 eng u
035 _a(Sirsi) u102711
245 _aSports internet targets property.
260 _c1999
490 _aIndependent
_v12 September 1999, B1(1)
520 _aThe team of entrepreneurs behind Sports Internet is planning to move into estate agency. Property Internet is planning to raise £1.45m with a flotation on the Alternative Investment Market.
650 _aESTATE AGENCY
650 _aINTERNET
650 _aELECTRONIC COMMERCE
690 _aMANAGEMENT-BUSINESS MANAGEMENT-INFORMATION MANAGEMENT
942 _n0
999 _c61699
_d61699